000 00577nam a22002537a 4500
003 UA-OsUOA
001 30455
007 ta
008 20041110b un ||||| |||| 00| 0 ukr d
100 _aГинзбург Л. Я.
090 _a82.09(47+571)
_bГ49
942 _cBK
040 _aUA-OsUOA
_brus
_cUA-OsUOA
_dUA-OsUOA
245 _aО лирике
300 _a408 с.
955 _a0
041 _arus
080 _a82.09(47+571)
020 _a5-87604-037-1
260 _aМосква
_bИнтрада
_c1997
044 _aRU
650 7 _2UDC
999 _c316867
_d316867